[Event "2. Bundesliga West 2014/15"]
[Site "Diverse"]
[Date "2014.10.12"]
[Round "3"]
[Board "2"]
[White "Nuber, Blasius"]
[Black "Panteleev, Petar"]
[Result "1-0"]
[WhiteElo "2349"]
[BlackElo "2239"]
[PlyCount "63"]
[EventDate "2014.10.10"]
[EventType "team"]
[EventRounds "11"]
[EventCountry "AUT"]
[WhiteTeam "HAK/HAS Innsbruck"]
[BlackTeam "Schwaz"]

1.e4 d6 2.d4 Nf6 3.Bd3 e5 4.Ne2 g6 5.O-O Bg7 6.c4 O-O 7.Nbc3 Ng4 8.d5 f5 9.h3 Nf6
10.exf5 gxf5 11.f4 Nh5 12.Be3 Nd7 13.Qb1 exf4 14.Nxf4 Nxf4 15.Bxf4 Ne5 16.Qc2 Nxd3
17.Qxd3 Bd7 18.Rad1 Qf6 19.Be3 b6 20.Bd4 Qxd4+ 21.Qxd4 Bxd4+ 22.Rxd4 a6 23.Rf3 Rf7
24.Nd1 Re8 25.Kf2 Rfe7 26.Ne3 Re4 27.Rxe4 Rxe4 28.b3 f4 29.Nc2 Kg7 30.Nb4 b5 31.Rc3
bxc4 32.Rxc4 1-0

[Event "2. Bundesliga West 2014/15"]
[Site "Diverse"]
[Date "2014.10.12"]
[Round "3"]
[Board "3"]
[White "Fuchs, Georg"]
[Black "Hajdarevic, Dino"]
[Result "1-0"]
[WhiteElo "2187"]
[BlackElo "2135"]
[PlyCount "47"]
[EventDate "2014.10.10"]
[EventType "team"]
[EventRounds "11"]
[EventCountry "AUT"]
[WhiteTeam "Schwaz"]
[BlackTeam "HAK/HAS Innsbruck"]

1.e4 c5 2.Nf3 g6 3.d4 cxd4 4.Qxd4 Nf6 5.e5 Nc6 6.Qa4 Nd5 7.c4 Nc7 8.Nc3 Bg7 9.Bf4
Ne6 10.Bg3 O-O 11.O-O-O a6 12.h4 h5 13.Ne4 Qc7 14.Rd5 b5 15.Qa3 bxc4 16.Kb1 a5 17.Bxc4
Nb4 18.Rc1 Bb7 19.Nf6+ exf6 20.exf6 Bxd5 21.Bxc7 Be4+ 22.Ka1 Nxc7 23.fxg7 Rfc8 24.Qe3 1-0

[Event "2. Bundesliga West 2014/15"]
[Site "Diverse"]
[Date "2014.10.12"]
[Round "3"]
[Board "4"]
[White "Meier, Alexander"]
[Black "Gruber, Michael"]
[Result "1/2-1/2"]
[WhiteElo "2186"]
[BlackElo "2196"]
[PlyCount "62"]
[EventDate "2014.10.10"]
[EventType "team"]
[EventRounds "11"]
[EventCountry "AUT"]
[WhiteTeam "HAK/HAS Innsbruck"]
[BlackTeam "Schwaz"]

1.e4 e5 2.Nf3 Nc6 3.Bc4 Bc5 4.c3 Nf6 5.d3 a6 6.Bb3 Ba7 7.h3 d6 8.Nbd2 O-O 9.Nf1 d5
10.Qe2 dxe4 11.dxe4 Qe7 12.Bg5 Be6 13.Bc2 b5 14.Ne3 Rfd8 15.O-O h6 16.Bh4 Rd6 17.Rfe1
Bxe3 18.Qxe3 Rad8 19.Qc5 g5 20.Bg3 Nd7 21.Qe3 Qf6 22.Bb3 Nf8 23.Nh2 Qe7 24.Qf3 Ng6
25.Qh5 Kg7 26.Ng4 Bxg4 27.Qxg4 Na5 28.Bd5 c6 29.Bb3 Qd7 30.Qxd7 R8xd7 31.Kf1 Nf4 1/2-1/2

[Event "2. Bundesliga West 2014/15"]
[Site "Diverse"]
[Date "2014.10.12"]
[Round "3"]
[Board "5"]
[White "Blaas, Hansjoerg"]
[Black "Sucher, Johannes"]
[Result "1-0"]
[WhiteElo "2232"]
[BlackElo "2169"]
[PlyCount "55"]
[EventDate "2014.10.10"]
[EventType "team"]
[EventRounds "11"]
[EventCountry "AUT"]
[WhiteTeam "Schwaz"]
[BlackTeam "HAK/HAS Innsbruck"]

1.e4 Nf6 2.e5 Nd5 3.Bc4 Nb6 4.Bb3 c5 5.d3 Nc6 6.Nf3 d5 7.exd6 exd6 8.O-O Be7 9.a4
Bg4 10.h3 Bh5 11.Bf4 Nd4 12.Nbd2 Bxf3 13.Nxf3 Nxb3 14.cxb3 Nd5 15.Bg3 O-O 16.d4 Rc8
17.Rc1 Qa5 18.Re1 Rfd8 19.Qd3 Bf8 20.Bh4 Nb4 21.Bxd8 Rxd8 22.Qe2 cxd4 23.Nxd4 d5 24.Red1
a6 25.Rc3 g6 26.Re3 Qc5 27.Re8 Rd6 28.Qe7 1-0

[Event "2. Bundesliga West 2014/15"]
[Site "Diverse"]
[Date "2014.10.12"]
[Round "3"]
[Board "6"]
[White "Georgiev, Georgi"]
[Black "Streiter, Gerhard"]
[Result "1/2-1/2"]
[WhiteElo "2107"]
[BlackElo "1986"]
[PlyCount "156"]
[EventDate "2014.10.10"]
[EventType "team"]
[EventRounds "11"]
[EventCountry "AUT"]
[WhiteTeam "HAK/HAS Innsbruck"]
[BlackTeam "Schwaz"]

1.d4 d5 2.Nf3 c6 3.c4 Nf6 4.Nc3 dxc4 5.g3 e6 6.Bg2 Be7 7.O-O Nbd7 8.a4 O-O 9.Nd2 e5
10.Nxc4 exd4 11.Qxd4 Bc5 12.Qd3 Qe7 13.Bf4 Nb6 14.Nd6 Rd8 15.Nxc8 Raxc8 16.Qf5 g6
17.Qc2 Nfd5 18.Bh6 Nxc3 19.Qxc3 Bd4 20.Qc2 Nd5 21.Rad1 Nb4 22.Qc4 Bg7 23.Be3 a5 24.Bb6
Rxd1 25.Rxd1 Qe5 26.b3 Re8 27.f4 Qc3 28.Bxa5 Qxc4 29.bxc4 Nc2 30.Bb6 Ne3 31.Bxe3 Rxe3
32.Kf2 Rc3 33.Rd8+ Bf8 34.Rb8 Rxc4 35.Rxb7 Bc5+ 36.e3 Rc2+ 37.Kf3 Rc3 38.Rb8+ Kg7
39.Re8 Ra3 40.Kg4 h5+ 41.Kh3 Rxa4 42.Bxc6 Ra7 43.e4 Re7 44.Rc8 Bb6 45.Bd5 Rc7 46.Rb8
Ba7 47.Rb3 Bd4 48.e5 Bc5 49.Kg2 Bd4 50.Kf1 Rd7 51.Be4 Rc7 52.Bd5 Rd7 53.Rb5 Rc7 54.Rb4
Bc5 55.Rc4 Bb6 56.Bc6 Ra7 57.Rb4 Bc5 58.Rb5 Bd4 59.Bd5 Rc7 60.h3 Rc5 61.Rxc5 Bxc5
62.Ke2 Bd4 63.Kd3 Bf2 64.g4 hxg4 65.hxg4 Bg3 66.Ke4 Be1 67.Bc4 Bd2 68.Bb3 Bc1 69.e6
fxe6 70.Bxe6 Bb2 71.g5 Bc1 72.Kf3 Bd2 73.Kg4 Bc1 74.Bc4 Bd2 75.Bd3 Bc1 76.Bxg6 Kxg6
77.f5+ Kg7 78.Kh5 Bb2 1/2-1/2

[Event "2. Bundesliga West 2014/15"]
[Site "Diverse"]
[Date "2014.10.12"]
[Round "3"]
[Board "1"]
[White "Wegener, Olaf"]
[Black "Zelbel, Patrick"]
[Result "1/2-1/2"]
[WhiteElo "2441"]
[BlackElo "2441"]
[PlyCount "61"]
[EventDate "2014.10.10"]
[EventType "team"]
[EventRounds "11"]
[EventCountry "AUT"]
[WhiteTeam "Rochade Rum"]
[BlackTeam "Kufstein / Woergl"]

1.e4 c5 2.Nf3 d6 3.d4 cxd4 4.Nxd4 Nf6 5.Nc3 a6 6.Be3 Ng4 7.Bg5 h6 8.Bh4 g5 9.Bg3 Bg7
10.h3 Ne5 11.f3 Nbc6 12.Bf2 Be6 13.Qd2 Nxd4 14.Bxd4 Qa5 15.h4 O-O 16.hxg5 hxg5 17.a3
Ng6 18.g3 Bxd4 19.Qxd4 Qe5 20.Qxe5 dxe5 21.Bh3 Bxh3 22.Rxh3 Rad8 23.Rd1 Rd4 24.Rh2
Kg7 25.Rhd2 Rh8 26.Kf2 Nf4 27.Kg1 Ne6 28.Ne2 Rc4 29.g4 Nd4 30.Nxd4 exd4 31.Rxd4 1/2-1/2

[Event "2. Bundesliga West 2014/15"]
[Site "Diverse"]
[Date "2014.10.12"]
[Round "3"]
[Board "2"]
[White "Bertagnolli, Alexander"]
[Black "Braeuer, Franz"]
[Result "0-1"]
[WhiteElo "2343"]
[BlackElo "2387"]
[PlyCount "56"]
[EventDate "2014.10.10"]
[EventType "team"]
[EventRounds "11"]
[EventCountry "AUT"]
[WhiteTeam "Kufstein / Woergl"]
[BlackTeam "Rochade Rum"]

1.b3 d5 2.Bb2 Bf5 3.e3 e6 4.f4 Nf6 5.Nf3 Be7 6.Nc3 Nbd7 7.Qe2 c6 8.d3 Qa5 9.a3 h6
10.h3 O-O-O 11.g4 Bh7 12.Bg2 Bd6 13.O-O Qc7 14.d4 Ne4 15.Nxe4 Bxe4 16.c4 f5 17.a4
g5 18.Ba3 Bxa3 19.Rxa3 Rdg8 20.Ne5 Nf6 21.cxd5 exd5 22.b4 Qe7 23.Rc3 Bxg2 24.Nxc6
bxc6 25.Rxc6+ Kb8 26.Kxg2 fxg4 27.fxg5 Qe4+ 28.Kh2 hxg5 0-1

[Event "2. Bundesliga West 2014/15"]
[Site "Diverse"]
[Date "2014.10.12"]
[Round "3"]
[Board "3"]
[White "Pogan, Nikolas"]
[Black "Koepke, Christian"]
[Result "1/2-1/2"]
[WhiteElo "2284"]
[BlackElo "2322"]
[PlyCount "66"]
[EventDate "2014.10.10"]
[EventType "team"]
[EventRounds "11"]
[EventCountry "AUT"]
[WhiteTeam "Rochade Rum"]
[BlackTeam "Kufstein / Woergl"]

1.Nf3 Nf6 2.c4 g6 3.g3 Bg7 4.Bg2 O-O 5.O-O d6 6.d4 Nc6 7.Nc3 a6 8.Qd3 e5 9.dxe5 dxe5
10.Qxd8 Rxd8 11.Bg5 Re8 12.Rfd1 h6 13.Bxf6 Bxf6 14.Nd2 Kg7 15.Nd5 Bd8 16.c5 Bg4 17.Bf3
Be6 18.e3 f5 19.Nc4 e4 20.Be2 Kf7 21.h4 h5 22.a3 Bxd5 23.Rxd5 Bf6 24.Rd7+ Re7 25.Rad1
Ke8 26.Rxe7+ Kxe7 27.Kf1 Rd8 28.Rxd8 Nxd8 29.Ke1 Ne6 30.b4 Bc3+ 31.Kd1 Nf8 32.Na5
Kd7 33.Bc4 c6 1/2-1/2

[Event "2. Bundesliga West 2014/15"]
[Site "Diverse"]
[Date "2014.10.12"]
[Round "3"]
[Board "4"]
[White "Levushkina, Elena"]
[Black "Spornberger, Maximilian"]
[Result "0-1"]
[WhiteElo "2299"]
[BlackElo "2347"]
[PlyCount "162"]
[EventDate "2014.10.10"]
[EventType "team"]
[EventRounds "11"]
[EventCountry "AUT"]
[WhiteTeam "Kufstein / Woergl"]
[BlackTeam "Rochade Rum"]

1.e4 e6 2.d4 d5 3.Nd2 Nf6 4.e5 Nfd7 5.c3 c5 6.f4 Nc6 7.Ndf3 cxd4 8.cxd4 a5 9.Bd3 a4
10.Ne2 Nb6 11.O-O Be7 12.Nc3 Bd7 13.Qe2 Na5 14.Ng5 g6 15.Qg4 Nbc4 16.Ne2 Qb6 17.Rb1
Nc6 18.Bxc4 dxc4 19.Be3 Nb4 20.Nc3 Nd5 21.Bf2 Bc6 22.Rfd1 Qd8 23.Nge4 h5 24.Qe2 b5
25.a3 Nxf4 26.Qf3 Nd5 27.Ne2 Qd7 28.Rf1 Rf8 29.Be3 Nxe3 30.Qxe3 O-O-O 31.Rbd1 Qb7
32.N2c3 Kb8 33.Rf2 b4 34.axb4 Bxb4 35.Ra1 Qb6 36.Ne2 Rd7 37.Rc1 Qa6 38.Nf6 Rb7 39.Nh7
Rd8 40.Rcf1 Qa7 41.Ng5 Be8 42.Qc1 Rc7 43.Rf3 Ba5 44.Kh1 Bb6 45.Rc3 Bxd4 46.Rxc4 Bxe5
47.Nf3 Bd6 48.Ned4 e5 49.Nc6+ Bxc6 50.Rxc6 Rdc8 51.Rxc7 Qxc7 52.Qd1 Qc6 53.Ng5 f5
54.Nf7 Bc7 55.Qe1 Qb5 56.Qd1 Rf8 57.Ng5 Rd8 58.Qc1 e4 59.Ne6 Qe5 60.Nxc7 Qxc7 61.Qe1
Rd4 62.Qe3 Qd6 63.Qe2 Rd3 64.Qc2 Rd4 65.Qe2 Qc6 66.Qe3 Rc4 67.Rd1 Kb7 68.h3 Rc2 69.Qg5
Ka6 70.Qf4 Ka5 71.Qb8 Rc5 72.Qa7+ Kb5 73.Qb8+ Qb6 74.Qe8+ Rc6 75.Rd8 Qc5 76.Rb8+ Kc4
77.Qf7+ Kd3 78.Rd8+ Ke2 79.Qd7 Qc1+ 80.Kh2 Qf4+ 81.g3 Qf2+ 0-1

[Event "2. Bundesliga West 2014/15"]
[Site "Diverse"]
[Date "2014.10.12"]
[Round "3"]
[Board "5"]
[White "Jedinger, Andreas"]
[Black "Maurer, Jochen"]
[Result "0-1"]
[WhiteElo "2105"]
[BlackElo "2254"]
[PlyCount "75"]
[EventDate "2014.10.10"]
[EventType "team"]
[EventRounds "11"]
[EventCountry "AUT"]
[WhiteTeam "Rochade Rum"]
[BlackTeam "Kufstein / Woergl"]

1.e4 c5 2.Nf3 e6 3.d4 cxd4 4.Nxd4 Nc6 5.Nc3 Qc7 6.Be3 a6 7.Qf3 Nf6 8.O-O-O Be7 9.Nxc6
bxc6 10.g4 O-O 11.g5 Ne8 12.Rg1 Rb8 13.Bd3 Qa5 14.Bd2 Qa3 15.Nb5 Qxa2 16.Bc3 axb5
17.Rg3 b4 18.Bd4 c5 19.Bf6 Bxf6 20.gxf6 g6 21.e5 Qa1+ 22.Kd2 Qxb2 23.Qh5 Nxf6 24.exf6
Qxf6 25.Rdg1 Kg7 26.Rh3 Qxf2+ 27.Be2 Qd4+ 28.Bd3 Qf2+ 29.Be2 Qxg1 30.Qh6+ Kf6 31.Qxf8
Qg5+ 32.Ke1 Qg2 33.Kd2 Qg5+ 34.Ke1 Qg1+ 35.Kd2 Qd4+ 36.Ke1 Ra8 37.Rf3+ Kg5 38.Bd3 0-1

[Event "2. Bundesliga West 2014/15"]
[Site "Diverse"]
[Date "2014.10.12"]
[Round "3"]
[Board "6"]
[White "Kranewitter, Norbert"]
[Black "Hoellrigl, Wilfried"]
[Result "1-0"]
[WhiteElo "2049"]
[BlackElo "2153"]
[PlyCount "71"]
[EventDate "2014.10.10"]
[EventType "team"]
[EventRounds "11"]
[EventCountry "AUT"]
[WhiteTeam "Kufstein / Woergl"]
[BlackTeam "Rochade Rum"]

1.e4 c5 2.Nc3 Nc6 3.f4 g6 4.Nf3 Bg7 5.Bb5 Nd4 6.O-O a6 7.Bd3 d6 8.Nxd4 cxd4 9.Ne2
Nf6 10.Kh1 Qb6 11.Qe1 Bd7 12.a4 Bc6 13.Ng1 O-O-O 14.c3 e5 15.b4 a5 16.b5 Bd7 17.Bb2
Rhe8 18.fxe5 dxe5 19.c4 Kb8 20.Rc1 Qc5 21.Rc2 Be6 22.Qa1 Qb4 23.Ba3 Qb3 24.Rf3 Ng4
25.Nh3 Ka8 26.Rb2 Qxa4 27.c5 Bb3 28.b6 f5 29.Bf1 d3 30.Bxd3 fxe4 31.Bxe4 Bd5 32.Bc2
Qc6 33.Bb4 Qb5 34.Ra3 Bxg2+ 35.Kg1 Qa6 36.Rxa5 1-0

[Event "2. Bundesliga West 2014/15"]
[Site "Diverse"]
[Date "2014.10.12"]
[Round "3"]
[Board "1"]
[White "Graf, Felix"]
[Black "Breder, Dennis"]
[Result "1-0"]
[WhiteElo "2478"]
[BlackElo "2471"]
[PlyCount "89"]
[EventDate "2014.10.10"]
[EventType "team"]
[EventRounds "11"]
[EventCountry "AUT"]
[WhiteTeam "Bregenz"]
[BlackTeam "Hohenems II"]

1.d4 d5 2.Nf3 Nf6 3.c4 c6 4.Nc3 e6 5.Bg5 h6 6.Bxf6 Qxf6 7.e3 g6 8.Rc1 Qd8 9.Bd3 Bg7
10.cxd5 exd5 11.b4 a6 12.O-O O-O 13.Na4 Qd6 14.Qd2 Bg4 15.Ne1 Nd7 16.Nc5 Ra7 17.f3
Be6 18.f4 Nf6 19.Nf3 Bc8 20.Ne5 Nd7 21.Rf2 Nxe5 22.fxe5 Qe7 23.Rcf1 Qg5 24.Rf4 h5
25.Qf2 b6 26.Na4 Be6 27.Nxb6 Rb8 28.Na4 Rxb4 29.Nc5 a5 30.Qc2 Bg4 31.Qf2 Be6 32.Nxe6
fxe6 33.h4 Qh6 34.Qc2 Rab7 35.Qxc6 R4b6 36.Qe8+ Kh7 37.R1f3 Rb8 38.Qa4 Rb4 39.Qd7
R8b7 40.Qxe6 R7b6 41.Qxd5 Rb2 42.e6 Rd2 43.e7 Rbb2 44.Rg3 Rd1+ 45.Kh2 1-0

[Event "2. Bundesliga West 2014/15"]
[Site "Diverse"]
[Date "2014.10.12"]
[Round "3"]
[Board "2"]
[White "Kessler, Luca"]
[Black "Abhau, Jochen"]
[Result "1-0"]
[WhiteElo "2324"]
[BlackElo "2265"]
[PlyCount "129"]
[EventDate "2014.10.10"]
[EventType "team"]
[EventRounds "11"]
[EventCountry "AUT"]
[WhiteTeam "Hohenems II"]
[BlackTeam "Bregenz"]

1.d4 Nf6 2.c4 e6 3.Nf3 Bb4+ 4.Bd2 c5 5.Bxb4 cxb4 6.a3 Qe7 7.e3 O-O 8.Qb3 bxa3 9.Qxa3
d6 10.Nc3 Nc6 11.Be2 a5 12.O-O Nb4 13.Rfc1 Bd7 14.Na4 Bxa4 15.Qxa4 b6 16.Qb5 Rab8
17.h3 h6 18.Nd2 Rfc8 19.b3 Kf8 20.Nb1 Qd7 21.Qxd7 Nxd7 22.Nc3 Ke7 23.f4 Rg8 24.Kf2
g5 25.Rd1 Rg7 26.Rd2 Rbg8 27.Rg1 f5 28.e4 gxf4 29.exf5 exf5 30.Bf3 Kf6 31.Ne2 Re7
32.Nxf4 Kg5 33.g3 Rge8 34.h4+ Kf6 35.Nh5+ Kg6 36.g4 fxg4 37.Rxg4+ Kh7 38.Rd1 Rf8 39.Rf4
Ref7 40.Be4+ Kh8 41.Ke3 Nf6 42.Rdf1 Ng4+ 43.Ke2 Rxf4 44.Rxf4 Rxf4 45.Nxf4 Nf6 46.Bb7
Ne8 47.Ng6+ Kg7 48.Ne7 Nc7 49.Nf5+ Kf6 50.Nxd6 Ne6 51.Nb5 Nc2 52.Kd3 Nb4+ 53.Ke4 Na2
54.Bd5 Nf8 55.c5 bxc5 56.dxc5 Nd7 57.c6 Nb6 58.Kd4 Nb4 59.Be4 Na6 60.c7 a4 61.bxa4
Nxc7 62.Nxc7 Nxa4 63.Nd5+ Ke6 64.Bc2 Nb2 65.Ne3 1-0

[Event "2. Bundesliga West 2014/15"]
[Site "Diverse"]
[Date "2014.10.12"]
[Round "3"]
[Board "3"]
[White "Matt, Fabian"]
[Black "Novkovic, Milan"]
[Result "0-1"]
[WhiteElo "2183"]
[BlackElo "2380"]
[PlyCount "104"]
[EventDate "2014.10.10"]
[EventType "team"]
[EventRounds "11"]
[EventCountry "AUT"]
[WhiteTeam "Bregenz"]
[BlackTeam "Hohenems II"]

1.d4 Nf6 2.Nf3 e6 3.Bf4 c5 4.e3 cxd4 5.exd4 b6 6.Nbd2 Bb7 7.Bd3 Be7 8.O-O O-O 9.c3
d6 10.Re1 a6 11.Rc1 Nbd7 12.Bb1 Re8 13.a4 b5 14.Bd3 Bc6 15.axb5 axb5 16.Qe2 Qb8 17.Ng5
Nf8 18.Nde4 Nxe4 19.Nxe4 Rd8 20.Ra1 Rxa1 21.Rxa1 Qb7 22.f3 Ng6 23.Bg3 e5 24.Nd2 exd4
25.Bxg6 hxg6 26.cxd4 Bf6 27.Bf2 Ra8 28.Rxa8+ Qxa8 29.Qd3 Qa1+ 30.Qb1 Qa4 31.Qc1 Bd7
32.Qc7 Qd1+ 33.Nf1 Bf5 34.Qc3 g5 35.Qd2 Qb1 36.Be3 Bd3 37.Qc1 Qxc1 38.Bxc1 Bxd4+ 39.Ne3
f5 40.Kh1 Kf7 41.Nd1 Kf6 42.Nc3 Bc4 43.h3 b4 44.Nb1 Ke6 45.Kh2 Kd5 46.Kg3 Be5+ 47.Kf2
Kd4 48.Bxg5 Kd3 49.Nd2 Bxb2 50.Ke1 d5 51.g4 fxg4 52.fxg4 Kc2 0-1

[Event "2. Bundesliga West 2014/15"]
[Site "Diverse"]
[Date "2014.10.12"]
[Round "3"]
[Board "4"]
[White "Burschowsky, Matthias"]
[Black "Bezler, Rainer"]
[Result "1-0"]
[WhiteElo "2208"]
[BlackElo "2215"]
[PlyCount "81"]
[EventDate "2014.10.10"]
[EventType "team"]
[EventRounds "11"]
[EventCountry "AUT"]
[WhiteTeam "Hohenems II"]
[BlackTeam "Bregenz"]

1.c4 e6 2.Nf3 d5 3.g3 Nf6 4.Bg2 c5 5.O-O Nc6 6.cxd5 Nxd5 7.Nc3 Nf6 8.d3 Be7 9.Bf4
Bd7 10.Qb3 b6 11.Ne5 Rc8 12.Nxc6 Bxc6 13.Bxc6+ Rxc6 14.Qa4 Qd7 15.Nb5 a5 16.Rfd1 O-O
17.d4 cxd4 18.Rxd4 Qb7 19.Bd6 Rfc8 20.Rad1 h6 21.Bxe7 Qxe7 22.Nd6 R8c7 23.e4 Kh7 24.b4
axb4 25.Qxb4 e5 26.Nf5 Qxb4 27.Rxb4 Rc4 28.Rxc4 Rxc4 29.Nd6 Ra4 30.f3 Kg8 31.Rd2 g6
32.Rb2 Nd7 33.Nc8 Ra6 34.Ne7+ Kg7 35.Rd2 Nc5 36.Nc6 Kf6 37.Nb4 Ra3 38.Kg2 Ke6 39.Nd5
Nd7 40.Rb2 Ra6 41.Nc7+ 1-0

[Event "2. Bundesliga West 2014/15"]
[Site "Diverse"]
[Date "2014.10.12"]
[Round "3"]
[Board "5"]
[White "Poettinger, Harald"]
[Black "Sandholzer, Robert"]
[Result "1-0"]
[WhiteElo "2212"]
[BlackElo "2175"]
[PlyCount "81"]
[EventDate "2014.10.10"]
[EventType "team"]
[EventRounds "11"]
[EventCountry "AUT"]
[WhiteTeam "Bregenz"]
[BlackTeam "Hohenems II"]

1.c4 e6 2.g3 Nf6 3.Bg2 d5 4.Nf3 dxc4 5.Qa4+ c6 6.Qxc4 b5 7.Qc2 Bb7 8.O-O c5 9.a4 b4
10.d3 Be7 11.Nbd2 O-O 12.Nb3 Nbd7 13.Nfd2 Bxg2 14.Kxg2 Rc8 15.Nc4 Nd5 16.a5 Rc6 17.e4
Nc7 18.d4 Nb5 19.d5 exd5 20.exd5 Rc8 21.Qd3 Nd6 22.Bf4 Nf6 23.Rfd1 Nxc4 24.Qxc4 Bd6
25.Be3 Nd7 26.Qa6 Ne5 27.Rac1 c4 28.Nd4 Nd3 29.Rxd3 cxd3 30.Rxc8 Qxc8 31.Qxd6 Qc4
32.Qc6 Rc8 33.Qxc4 Rxc4 34.Kf3 Rc5 35.Nc6 Rc2 36.Nxb4 Rxb2 37.Nxd3 Rb5 38.Bc5 f6 39.d6
Rb7 40.Ke4 Kf7 41.Kd5 1-0

[Event "2. Bundesliga West 2014/15"]
[Site "Diverse"]
[Date "2014.10.12"]
[Round "3"]
[Board "6"]
[White "Atlas, Dmitry"]
[Black "Heilinger, Dietmar"]
[Result "1/2-1/2"]
[WhiteElo "2220"]
[BlackElo "2159"]
[PlyCount "101"]
[EventDate "2014.10.10"]
[EventType "team"]
[EventRounds "11"]
[EventCountry "AUT"]
[WhiteTeam "Hohenems II"]
[BlackTeam "Bregenz"]

1.e4 e6 2.d4 d5 3.e5 Ne7 4.Nf3 Qd7 5.Bd3 b6 6.O-O Ba6 7.Bxa6 Nxa6 8.Qe2 Nb8 9.a4 a6
10.b4 Ng6 11.c3 Be7 12.g3 h6 13.h4 Bd8 14.Nbd2 Ne7 15.Nb3 Nf5 16.a5 Qc6 17.Qd3 Qc4
18.Qxc4 dxc4 19.Nbd2 b5 20.Ne4 Ne7 21.Bd2 Nd5 22.Rae1 Nd7 23.Re2 Be7 24.Nh2 O-O-O
25.f4 g6 26.Nf3 h5 27.Nfg5 Rdf8 28.Kg2 Nb8 29.Nc5 Bxc5 30.dxc5 Nc6 31.Rf3 Nce7 32.Be1
c6 33.Ne4 Nf5 34.Bf2 Kd7 35.Kf1 Ke7 36.Ke1 Rd8 37.Nd6 Rb8 38.Kd2 Rbd8 39.Kc2 Rb8 40.Re4
Ra8 41.Bd4 Rhg8 42.Bf2 Rh8 43.Kd1 Rad8 44.Ke1 Rb8 45.Kf1 Ra8 46.Kg2 Rab8 47.Kh3 Rh7
48.Re1 Rd8 49.Ne4 Rhh8 50.Nd6 Rh7 51.Ne4 1/2-1/2

[Event "2. Bundesliga West 2014/15"]
[Site "Diverse"]
[Date "2014.10.12"]
[Round "3"]
[Board "1"]
[White "Krassowizkij, Jaroslaw"]
[Black "Perunovic, Milos"]
[Result "1/2-1/2"]
[WhiteElo "2408"]
[BlackElo "2632"]
[PlyCount "79"]
[EventDate "2014.10.10"]
[EventType "team"]
[EventRounds "11"]
[EventCountry "AUT"]
[WhiteTeam "Goetzis"]
[BlackTeam "Dornbirn"]

1.d4 Nf6 2.c4 c5 3.d5 b5 4.cxb5 a6 5.bxa6 g6 6.Nc3 Bg7 7.e4 O-O 8.Nf3 Qa5 9.Bd2 Bxa6
10.Bxa6 Qxa6 11.Qe2 e6 12.Qxa6 Nxa6 13.dxe6 fxe6 14.O-O d5 15.exd5 exd5 16.Bg5 Nb4
17.Rad1 Ne4 18.Nxe4 dxe4 19.Nd2 Bxb2 20.Be7 Rf5 21.g4 Rf4 22.h3 Nxa2 23.Bxc5 Re8 24.Be3
Rff8 25.Bh6 Bg7 26.Bxg7 Kxg7 27.Rde1 Nc3 28.Re3 Rd8 29.Nxe4 Nxe4 30.Rxe4 Rfe8 31.Rfe1
Rxe4 32.Rxe4 g5 33.Kg2 Rd3 34.Re3 Rd1 35.Kf3 Rd4 36.Kg3 Kg6 37.Ra3 Rb4 38.h4 h5 39.Ra6+
Kh7 40.gxh5 1/2-1/2

[Event "2. Bundesliga West 2014/15"]
[Site "Diverse"]
[Date "2014.10.12"]
[Round "3"]
[Board "2"]
[White "Milanovic, Danilo"]
[Black "Eisenbeiser, Amadeus"]
[Result "0-1"]
[WhiteElo "2471"]
[BlackElo "2365"]
[PlyCount "94"]
[EventDate "2014.10.10"]
[EventType "team"]
[EventRounds "11"]
[EventCountry "AUT"]
[WhiteTeam "Dornbirn"]
[BlackTeam "Goetzis"]

1.d4 d6 2.c4 g6 3.e4 Bg7 4.Ne2 c5 5.d5 Nf6 6.Nec3 O-O 7.Be2 e6 8.O-O exd5 9.cxd5 b6
10.Bg5 Ba6 11.Nd2 Re8 12.Re1 Bxe2 13.Qxe2 a6 14.f4 h6 15.Bh4 b5 16.Qf3 Nbd7 17.a4
Rb8 18.axb5 axb5 19.Ra6 Rb6 20.Ra5 Qb8 21.Bf2 Rb7 22.Rea1 b4 23.Nd1 Nb6 24.h3 Nfd7
25.R1a2 Qc7 26.b3 c4 27.Rc2 c3 28.Rb5 Nc5 29.Rxb4 cxd2 30.e5 Nbd7 31.exd6 Qxd6 32.Rxb7
Nxb7 33.Rxd2 Qb4 34.Ra2 Bd4 35.Kh2 Bxf2 36.Nxf2 Nbc5 37.Rb2 h5 38.Kg3 Qd4 39.Re2 Rxe2
40.Qxe2 Qxd5 41.b4 Qb3+ 42.Qf3 Qxb4 43.f5 g5 44.Kh2 Nf6 45.Qg3 Qf4 46.Qxf4 gxf4 47.Nd1
Nfe4 0-1

[Event "2. Bundesliga West 2014/15"]
[Site "Diverse"]
[Date "2014.10.12"]
[Round "3"]
[Board "3"]
[White "Becker, Matthias"]
[Black "Sergeev, Vladimir"]
[Result "0-1"]
[WhiteElo "2138"]
[BlackElo "2448"]
[PlyCount "106"]
[EventDate "2014.10.10"]
[EventType "team"]
[EventRounds "11"]
[EventCountry "AUT"]
[WhiteTeam "Goetzis"]
[BlackTeam "Dornbirn"]

1.e4 Nf6 2.e5 Nd5 3.d4 d6 4.Nf3 g6 5.Bc4 c6 6.O-O Bg7 7.exd6 Qxd6 8.Bb3 O-O 9.Nbd2
Bg4 10.h3 Bxf3 11.Nxf3 e6 12.Bg5 Nd7 13.Re1 b5 14.Bh4 Rfc8 15.Ng5 N7f6 16.Qf3 Qf4
17.Qxf4 Nxf4 18.a4 b4 19.Ne4 Nxe4 20.Rxe4 Nd5 21.Rd1 a5 22.Bg3 Ra7 23.Bd6 Rd8 24.Bc5
Rb7 25.g3 Nf6 26.Re2 Bf8 27.Bxf8 Kxf8 28.Re5 Ra7 29.Kf1 Rd6 30.Ke1 Nd7 31.Re2 Rc7
32.Bc4 h5 33.h4 Ke7 34.Re3 Nb6 35.Bb3 Nd7 36.Bc4 Kd8 37.Rd2 Kc8 38.Ba6+ Kb8 39.Bc4
Ka7 40.Kd1 Nb6 41.Bb3 Nd7 42.Bc4 Rc8 43.Kc1 Rd8 44.Red3 Nf6 45.f3 Nd7 46.Kd1 Kb7 47.Ke2
Kc7 48.Ke3 Re8 49.Kf2 Rf8 50.Ke3 e5 51.dxe5 Nxe5 52.Rd4 Re8 53.Bxf7 Ng4+ 0-1

[Event "2. Bundesliga West 2014/15"]
[Site "Diverse"]
[Date "2014.10.12"]
[Round "3"]
[Board "4"]
[White "Novkovic, Julia"]
[Black "Mittelberger, Peter"]
[Result "1-0"]
[WhiteElo "2156"]
[BlackElo "2203"]
[PlyCount "77"]
[EventDate "2014.10.10"]
[EventType "team"]
[EventRounds "11"]
[EventCountry "AUT"]
[WhiteTeam "Dornbirn"]
[BlackTeam "Goetzis"]

1.e4 g6 2.d4 Bg7 3.Nc3 c6 4.Nf3 d5 5.h3 dxe4 6.Nxe4 Nd7 7.Bc4 Ndf6 8.Neg5 Nd5 9.a3
Nh6 10.O-O O-O 11.Re1 Nf5 12.Ba2 h6 13.Ne4 Nd6 14.Ng3 b5 15.Ne5 Qc7 16.Qf3 Bb7 17.c3
e6 18.Nd3 Rae8 19.Nc5 Bc8 20.Bf4 Nxf4 21.Qxf4 g5 22.Qf3 Nb7 23.Nce4 f5 24.Nxf5 Qd8
25.Qg4 h5 26.Qxh5 Rxf5 27.g4 Rf6 28.Nxf6+ Bxf6 29.Qg6+ Kh8 30.Re3 Nd6 31.Rae1 Nc4
32.Rf3 Rf8 33.h4 Nd2 34.Rh3 gxh4 35.Qh6+ Kg8 36.Qxd2 Bg5 37.Qe2 Re8 38.Qe4 Qf6 39.f4 1-0

[Event "2. Bundesliga West 2014/15"]
[Site "Diverse"]
[Date "2014.10.12"]
[Round "3"]
[Board "5"]
[White "Quintero Ortega, Carlos"]
[Black "Gsteu, Peter"]
[Result "1-0"]
[WhiteElo "2190"]
[BlackElo "2060"]
[PlyCount "59"]
[EventDate "2014.10.10"]
[EventType "team"]
[EventRounds "11"]
[EventCountry "AUT"]
[WhiteTeam "Goetzis"]
[BlackTeam "Dornbirn"]

1.g3 f5 2.b3 Nf6 3.Bb2 e6 4.Bg2 d5 5.c4 c6 6.Nf3 Bd6 7.O-O O-O 8.d3 b5 9.Qc2 Bb7 10.c5
Bc7 11.Nbd2 Nbd7 12.Nd4 Qe7 13.b4 Ng4 14.e4 fxe4 15.dxe4 Nde5 16.exd5 exd5 17.Rae1
Qf7 18.f4 Nc4 19.Nxc4 bxc4 20.Ne6 Rfe8 21.Nxg7 Re3 22.Nf5 Rd3 23.Re7 Qxf5 24.Rxc7
Ne3 25.Qe2 c3 26.Bc1 d4 27.Rxb7 Re8 28.Bxc6 Rc8 29.Bd7 Rd2 30.Bxd2 1-0

[Event "2. Bundesliga West 2014/15"]
[Site "Diverse"]
[Date "2014.10.12"]
[Round "3"]
[Board "6"]
[White "Ruescher, Christian"]
[Black "Kranz, Armin"]
[Result "1-0"]
[WhiteElo "2093"]
[BlackElo "2131"]
[PlyCount "105"]
[EventDate "2014.10.10"]
[EventType "team"]
[EventRounds "11"]
[EventCountry "AUT"]
[WhiteTeam "Dornbirn"]
[BlackTeam "Goetzis"]

1.Nf3 Nf6 2.g3 b6 3.Bg2 Bb7 4.O-O e6 5.d3 d5 6.Nbd2 Be7 7.Ne5 c5 8.f4 Qc7 9.e3 Nc6
10.Ndf3 O-O 11.Bd2 Rad8 12.Qe2 Nd7 13.Nxc6 Bxc6 14.Bc3 Bf6 15.Bxf6 Nxf6 16.Ne5 Bb7
17.g4 Nd7 18.d4 cxd4 19.exd4 Nf6 20.Rf3 Ne4 21.g5 f6 22.gxf6 gxf6 23.Ng4 Qc4 24.Rd3
Rd7 25.Bxe4 dxe4 26.Nxf6+ Kh8 27.Nxe4 Rg7+ 28.Ng3 Qd5 29.Rf1 Qh1+ 30.Kf2 Qxh2+ 31.Ke1
Qxe2+ 32.Nxe2 Bd5 33.b3 Rg2 34.Re3 Rf6 35.c4 Bc6 36.Kd2 Kg7 37.Kd3 Rh6 38.f5 exf5
39.d5 Bd7 40.Re7+ Kf6 41.Rxd7 Rh3+ 42.Kd2 Rhh2 43.Rd6+ Kg5 44.Re6 h5 45.d6 Rg4 46.Kc3
Rh3+ 47.Kb4 Rd3 48.Re5 Rxd6 49.Rfxf5+ Kg6 50.Rxh5 Rd2 51.Nc3 a6 52.Rhg5+ Rxg5 53.Rxg5+ 1-0